<?xml version="1.0" encoding="UTF-8"?>
<collection xmlns="http://www.loc.gov/MARC21/slim">
 <record>
  <leader>01196nam a22002898a 4500</leader>
  <controlfield tag="001">00042778</controlfield>
  <controlfield tag="005">20181019141055.0</controlfield>
  <controlfield tag="008">171101s2017####-vm#################vie|d</controlfield>
  <datafield tag="020" ind1="#" ind2="#">
   <subfield code="c">99000</subfield>
   <subfield code="a">9786049479793</subfield>
  </datafield>
  <datafield tag="041" ind1="0" ind2="#">
   <subfield code="a">vie</subfield>
  </datafield>
  <datafield tag="082" ind1="#" ind2="#">
   <subfield code="a">373.12</subfield>
   <subfield code="b">PH561PH</subfield>
  </datafield>
  <datafield tag="100" ind1="1" ind2="#">
   <subfield code="a">Huỳnh, Văn Sơn</subfield>
  </datafield>
  <datafield tag="245" ind1="1" ind2="0">
   <subfield code="a">Phương pháp dạy học phát triển năng lực học sinh phổ thông</subfield>
   <subfield code="c">Huỳnh văn Sơn, Nguyễn Kim Hồng, Nguyễn Thị Diễm My</subfield>
  </datafield>
  <datafield tag="250" ind1="#" ind2="#">
   <subfield code="a">Tái bản lần 1</subfield>
  </datafield>
  <datafield tag="260" ind1="#" ind2="#">
   <subfield code="a">T.P. Hồ Chí Minh</subfield>
   <subfield code="b">Đại học sư phạm T.P. Hồ Chí Minh</subfield>
   <subfield code="c">2018</subfield>
  </datafield>
  <datafield tag="300" ind1="#" ind2="#">
   <subfield code="a">283 tr.</subfield>
   <subfield code="c">24 cm.</subfield>
  </datafield>
  <datafield tag="653" ind1="#" ind2="#">
   <subfield code="a">Giáo dục</subfield>
  </datafield>
  <datafield tag="653" ind1="#" ind2="#">
   <subfield code="a">Trường phổ thông</subfield>
  </datafield>
  <datafield tag="653" ind1="#" ind2="#">
   <subfield code="a">Phương pháp</subfield>
  </datafield>
  <datafield tag="653" ind1="#" ind2="#">
   <subfield code="a">Phát triển</subfield>
  </datafield>
  <datafield tag="653" ind1="#" ind2="#">
   <subfield code="a">Học sinh</subfield>
  </datafield>
  <datafield tag="700" ind1="1" ind2="#">
   <subfield code="a">Nguyễn, Thị Diễm My</subfield>
  </datafield>
  <datafield tag="700" ind1="1" ind2="#">
   <subfield code="a">Nguyễn, Kim Hồng</subfield>
  </datafield>
  <datafield tag="852" ind1="#" ind2="#">
   <subfield code="j">KM.0026557</subfield>
   <subfield code="j">KM.0026561</subfield>
   <subfield code="j">KM.0026554</subfield>
   <subfield code="j">KM.0026555</subfield>
   <subfield code="j">KM.0026559</subfield>
   <subfield code="j">KM.0026565</subfield>
   <subfield code="j">KM.0026563</subfield>
   <subfield code="j">KM.0026560</subfield>
   <subfield code="j">KM.0026558</subfield>
   <subfield code="j">KM.0026556</subfield>
   <subfield code="j">KM.0026552</subfield>
   <subfield code="j">KM.0026553</subfield>
   <subfield code="j">KM.0026564</subfield>
   <subfield code="j">KM.0026562</subfield>
   <subfield code="j">KM.0026566</subfield>
  </datafield>
  <datafield tag="910" ind1=" " ind2=" ">
   <subfield code="d">19/10/2018</subfield>
  </datafield>
  <datafield tag="980" ind1="#" ind2="#">
   <subfield code="a">Trung tâm Học liệu Lê Vũ Hùng, Trường Đại học Đồng Tháp</subfield>
  </datafield>
 </record>
</collection>
